000 nam a22 a 4500
999 _c2623
_d2623
003 AKMAL
005 20170517121634.0
008 170517s1998 xxu 00 eng d
020 _a9832106133 (pbk.):
_cRM10.90
040 _aAKMAL
_cAKMAL
082 0 4 _a615.321 WES
_221
090 0 0 _a615.321
_bWES
100 1 _aWesterdahl, John
_95480
245 1 0 _aMedicinal herbs :
_ba vital reference guide /
_cJohn Westerdahl
260 _aTexas :
_bBruce Miller,
_c1998
300 0 0 _a56p. :
_bill. ;
_c22cm
440 0 _aBruce Miller's better health series
_95150
500 _aListing over 60 of the most popular herbs used today
504 _aIncludes bibliographical references
650 0 _aHerbs
_xTherapeutic use
_95299
942 _2ddc
_cBOOK